[Event "Orange op"]
[Site "Orange"]
[Date "1990.??.??"]
[Round "1"]
[White "Radutoiu, C."]
[Black "Velikov, Petar"]
[Result "0-1"]
[WhiteElo "1700"]
[BlackElo "2495"]
[PlyCount "56"]
[EventDate "1990.??.??"]
[EventType "swiss"]
[EventRounds "9"]
[EventCountry "FRA"]
[SourceTitle "EXT 1999"]
[Source "ChessBase"]
[SourceDate "1998.11.16"]
[SourceVersion "1"]
[SourceVersionDate "1998.11.16"]
[SourceQuality "1"]

1. e4 c5 2. Nf3 e6 3. d4 cxd4 4. Nxd4 a6 5. Nc3 b5 6. a3 Bb7 7. Bd3 d6 8. Be3 Nf6 9. f4 Nbd7 10. 0-0 Rc8 11. Rc1 Be7 12. Qe1 Ng4 13. Bd2 Qb6 14. Be3 Bf6 15. Nf5 Nxe3 16. Nxe3 Bxc3 17. bxc3 Nf6 18. Kh1 Nxe4 19. Bxe4 Bxe4 20. Nd1 Qc6 21. Rf2 0-0 22. Re2 d5 23. Nf2 Bg6 24. Re3 Qd6 25. Rf3 Rc4 26. Nh3 Qxa3 27. Ra1 Qd6 28. Qd2 Rfc8 0-1